000 00286nam a22001337a 4500
008 170414b xxu||||| |||| 00| 0 eng d
020 _a9780743292542
041 _aeng
080 _a612.39
100 _a10
101 _aSHM
245 _aYOU ON A DIET
_cROIZEN, .F
942 _2udc
_cBK
999 _c10831
_d10831